Principles and Practice of Heterogeneous Catalysis (Record no. 565834)

000 -LEADER
fixed length control field 00329nam a2200121Ia 4500
008 - FIXED-LENGTH DATA ELEMENTS--GENERAL INFORMATION
fixed length control field 210430s9999 xx 000 0 und d
082 ## - DEWEY DECIMAL CLASSIFICATION NUMBER
Classification number 541.395 T449P
100 ## - MAIN ENTRY--PERSONAL NAME
Personal name Thomas J.M
9 (RLIN) 54925
245 ## - TITLE STATEMENT
Title Principles and Practice of Heterogeneous Catalysis
Statement of responsibility, etc. Thomas J.M
260 ## - PUBLICATION, DISTRIBUTION, ETC.
Name of publisher, distributor, etc. willey
Date of publication, distribution, etc. 2014
300 ## - PHYSICAL DESCRIPTION
Extent 744p.
942 ## - ADDED ENTRY ELEMENTS (KOHA)
Koha item type Reference
Source of classification or shelving scheme
Holdings
Withdrawn status Lost status Damaged status Not for loan Permanent Location Current Location Shelving location Date acquired Total Checkouts Full call number Barcode Date last seen Date last checked out Price effective from Koha item type
        School of Chemical & Materials Engineering (SCME) School of Chemical & Materials Engineering (SCME) Reference   1 541.395 T449P SCME-4783 06/25/2021 05/03/2021 04/30/2021 Reference
© 2023 Central Library, National University of Sciences and Technology. All Rights Reserved.